000 00751nam a2200181Ia 4500
008 100921s9999 xx 000 0 und d
082 _b41735
_a550 न 07
100 _aकर्वे प्रियदर्शिनी.
245 _aउर्जेच्या शोधात.
260 _bराजहंस प्रकाशन, पुणे.
_c2007
300 _a170
_bकलाभारती वितरण,पुणे
365 _b160
520 _aविज्ञान-भौमिक शास्त्रे.
630 _aउर्जेच्या शोधात.
650 _aविज्ञान-भौमिक शास्त्रे.
730 _aउर्जेच्या शोधात.
942 _cBOOK
999 _c790848
_d790845